Statistics for Singapore's Presidents

Click here to take the quiz!

General Stats

  • This quiz has been taken 22 times
  • The average score is 7 of 8

Answer Stats

Years ServedPrior OfficePresident's Name% Correct
2017-presentSpeaker of ParliamentHalimah Yacob
94%
1999-2011Ambassador to the USS.R. Nathan
94%
2011-2017Deputy Prime MinisterTony Tan Keng Yam
89%
1965-1970Yang di-Pertuan NegaraYusof Ishak
83%
1971-1981PhysicianBenjamin Sheares
78%
1993-1999Deputy Prime MinisterOng Teng Cheong
78%
1985-1993Ambassador to South KoreaWee Kim Wee
72%
1981-1985Member of ParliamentC.V. Devan Nair
61%

Score Distribution

Percentile by Number Answered

Percent of People with Each Score

Your Score History

You have not taken this quiz